Jubileumi tábor Kastlban

Bibliographic Details
Main Authors: Saárosy, Márton (Author), Szoboszlay, Zoltán (Author)
Format: Article
Language:Hungarian
PhysicalDescription:Fotogr.
ISSN:1336-0434
Subjects:

MARC

LEADER 00000nab a2200000 ar4500
001 vtls010173465
003 SK-MaSNL
005 20260318122412.0
008 100929c2010 xo |||||||| 000 b|hun
015 |a SNBRB2010/09  |2 snkbucl 
038 |a SNKBUCL 
040 |a DSZK  |b slo  |c DSZK  |e AACR2 
041 0 |a hun 
044 |a xo  |c SK 
080 |a 379.831:061.213  |x (=511.141)  |x (100)  |2 2001 
080 |a 796.03  |2 2001 
100 1 |a Saárosy, Márton  |4 aut  |9 1530719 
245 1 0 |a Jubileumi tábor Kastlban  |c Saárosy Márton, Szoboszlay Zoltán 
300 |b Fotogr. 
610 2 7 |a Zväz skautov maďarskej národnosti v zahraničí  |2 snkbucl  |9 845045 
650 0 7 |a skauting  |2 SNKPH  |9 3238 
650 0 7 |a skautské tábory  |2 snkbucl  |9 79859 
651 7 |a Kastl (Nemecko)  |2 snkbucl  |9 1530720 
700 1 |a Szoboszlay, Zoltán  |4 ive  |4 aut  |9 1530721 
773 0 |t Cserkész  |g Évf. 20, sz. 9 (2010), o. 14-15  |x 1336-0434 
852 |a SNK  |b KIS3GCP 
852 |a DSZK  |b KIS3GCP 
958 |a HU 
958 |a SK 
958 |a DE 
999 |c 3082576  |d 3084506